Statistics for Largest Cities in the Countries of South America

Click here to take the quiz!

General Stats

  • This quiz has been taken 26 times
  • The average score is 7 of 10

Answer Stats

PopulationCity% Correct
13,200,000Rio de Janeiro
100%
16,400,000Buenos Aires
92%
10,100,000Lima
92%
22,400,000Sao Paulo
92%
9,600,000Bogota
88%
7,250,000Santiago
88%
5,000,000Belo Horizonte
60%
4,025,000Medellin
52%
4,125,000Porto Alegre
32%
11,400,000Paris
16%

Score Distribution

Percentile by Number Answered

Percent of People with Each Score

Your Score History

You have not taken this quiz